| 000 | 00933cam a2200265 4500 | ||
|---|---|---|---|
| 001 | J1063 | ||
| 008 | 090401t1992 xxu||||| |||| 00| 0 eng d | ||
| 035 | _a(Sirsi) u41586 | ||
| 041 | _aeng | ||
| 050 | _a692.5 | ||
| 110 |
_aUnited Kingdom _bDepartment of the Environment _9982 |
||
| 245 | _aPrice index methodologies for public sector new housebuilding, housing renovation and housing repair and maintenance in England: a report to the Department of the Environment by Davis Langdon & Everest Consultancy Group. | ||
| 260 |
_aLondon _bDepartment of the Environment _c1992 |
||
| 300 | _aii,29,(70)p. ; 30cm. | ||
| 350 | _a12 | ||
| 650 | _aBUILT ENVIRONMENT-BUILDING COSTS | ||
| 650 | _aHOUSE BUILDING | ||
| 650 | _aINDICES | ||
| 650 | _aPRICE INDICES | ||
| 650 | _aPUBLIC SECTOR HOUSING | ||
| 690 | _aBUILT ENVIRONMENT-BUILDING COSTS | ||
| 710 |
_aDavis Langdon and Everest _91155 |
||
| 942 | _n0 | ||
| 948 | _c04/03/1997 | ||
| 999 |
_c90950 _d90950 |
||